[Event "ESTCC U50 2018"]
[Site "Walbrzych"]
[Date "2018.04.18"]
[Round "5"]
[White "Laszewicz, Pawel"]
[Black "Robertson, Ian C"]
[Result "1-0"]
[WhiteElo "2110"]
[BlackElo "2038"]
[Annotator "NA"]
[PlyCount "127"]
[EventDate "2018.??.??"]
[EventCountry "POL"]
[SourceTitle "playchess.com"]
[Source "ChessBase"]
[SourceQuality "1"]
[WhiteTeam "Poland"]
[BlackTeam "Scotland"]
[WhiteTeamCountry "POL"]
[BlackTeamCountry "SCO"]
[TimeControl "40/5400+30:1800+30"]

1. e4 {[%emt 0:00:00]} e5 {[%emt 0:00:33]} 2. Nf3 {[%emt 0:00:00]} d6 {[%emt 0:00:08]} 3. d4 {[%emt 0:00:02]} exd4 {[%emt 0:00:21]} 4. Qxd4 {[%emt 0:00:46]} Nf6 {[%emt 0:01:06]} 5. Nc3 {[%emt 0:01:41]} Be7 {[%emt 0:00:17]} 6. Bf4 {[%emt 0:01:34]} O-O {[%emt 0:01:27]} 7. O-O-O {[%emt 0:01:45]} Nc6 {[%emt 0:04:51]} 8. Qd2 $11 {[%emt 0:01:03]} Be6 {[%emt 0:09:45]} 9. h3 {[%emt 0:04:34]} Rb8 {[%emt 0:03:34]} 10. Bb5 {[%emt 0:11:44]} a6 {[%emt 0:08:00]} 11. Bxc6 {[%emt 0:03:12]} bxc6 {[%emt 0:00:11]} 12. Nd4 {[%emt 0:07:20]} Qd7 {[%emt 0:02:44]} 13. g4 {[%emt 0:04:00]} d5 {[%emt 0:14:55]} 14. e5 {[%emt 0:13:06]} Ne8 {[%emt 0:01:46]} 15. Bg3 {[%emt 0:02:05]} c5 {[%emt 0:03:59]} 16. Nxe6 {[%emt 0:18:04]} fxe6 {[%emt 0:00:44]} 17. Nxd5 {[%emt 0:02:31]} exd5 {[%emt 0:07:18]} 18. Qxd5+ {[%emt 0:00:16]} Qxd5 {[%emt 0:00:08]} 19. Rxd5 {[%emt 0:00:04]} c6 {[%emt 0:04:44]} 20. Rd7 {[%emt 0:01:21]} Bg5+ {[%emt 0:00:36]} 21. Kb1 {[%emt 0:01:17]} Bf4 {[%emt 0:01:44]} 22. Ra7 {[%emt 0:01:04]} Bxg3 {[%emt 0:06:13]} 23. fxg3 {[%emt 0:00:03]} Rf3 {[%emt 0:00:55]} 24. Rxa6 {[%emt 0:00:45]} Re3 {[%emt 0:00:15]} 25. Rxc6 {[%emt 0:01:45]} Rxe5 {[%emt 0:00:09]} 26. a4 {[%emt 0:01:08]} Ra8 {[%emt 0:13:36]} 27. b3 {[%emt 0:01:35]} Nf6 {[%emt 0:08:57]} 28. Rd1 {[%emt 0:01:25]} Ne4 {[%emt 0:00:42]} 29. Rd7 {[%emt 0:00:27]} Nxg3 {[%emt 0:00:46]} 30. Rcc7 {[%emt 0:01:35]} Rg5 {[%emt 0:00:37]} 31. Ra7 {[%emt 0:12:28]} Rxa7 {[%emt 0:02:09]} 32. Rxa7 {[%emt 0:00:02]} h5 {[%emt 0:01:00]} 33. a5 {[%emt 0:00:34]} hxg4 {[%emt 0:00:14]} 34. hxg4 {[%emt 0:00:20]} Rxg4 {[%emt 0:00:13]} 35. Rc7 {[%emt 0:01:04]} Rg6 {[%emt 0:01:41]} 36. Rxc5 {[%emt 0:00:31]} Ra6 {[%emt 0:00:59]} 37. b4 {[%emt 0:00:50]} Ne4 {[%emt 0:00:33]} 38. Re5 {[%emt 0:04:04]} Nd6 {[%emt 0:00:38]} 39. Ka2 {[%emt 0:00:00]} Kf7 {[%emt 0:00:00]} 40. Kb3 {[%emt 0:00:00]} Kf6 {[%emt 0:00:15]} 41. Rd5 {[%emt 0:02:38]} Ke6 {[%emt 0:01:00]} 42. c4 {[%emt 0:02:01]} Ra8 {[%emt 0:11:08]} 43. Rd3 {[%emt 0:02:48]} g5 {[%emt 0:05:14]} 44. c5 {[%emt 0:03:39]} Nb5 {[%emt 0:02:32]} 45. Kc4 {[%emt 0:00:24]} Rb8 {[%emt 0:00:04]} 46. a6 {[%emt 0:05:10]} g4 {[%emt 0:01:13]} 47. Re3+ {[%emt 0:02:11]} Kf6 {[%emt 0:01:34]} 48. Re4 {[%emt 0:01:38]} Nc7 {[%emt 0:04:50]} 49. Rxg4 {[%emt 0:02:00]} Nxa6 {[%emt 0:00:59]} 50. b5 {[%emt 0:00:53]} Nc7 {[%emt 0:00:44]} 51. b6 {[%emt 0:01:06]} Na8 {[%emt 0:04:52]} 52. Kb5 {[%emt 0:01:49]} Ke6 {[%emt 0:01:40]} 53. Rg7 {[%emt 0:02:36]} Kd5 {[%emt 0:01:26]} 54. b7 {[%emt 0:01:18]} Rh8 {[%emt 0:00:50]} 55. c6 {[%emt 0:03:52]} Kd6 {[%emt 0:00:19]} 56. Rd7+ {[%emt 0:00:33]} Ke6 {[%emt 0:00:17]} 57. bxa8=Q {[%emt 0:02:53]} Rxa8 {[%emt 0:00:05]} 58. Rd1 {[%emt 0:00:34]} Ra2 {[%emt 0:00:47]} 59. c7 {[%emt 0:00:29]} Rb2+ {[%emt 0:00:31]} 60. Kc6 {[%emt 0:00:27]} Rc2+ {[%emt 0:00:13]} 61. Kb7 {[%emt 0:00:17]} Rb2+ {[%emt 0:00:11]} 62. Kc8 {[%emt 0:00:10]} Rh2 {[%emt 0:01:23]} 63. Rb1 {[%emt 0:00:29]} Rc2 {[%emt 0:00:23]} 64. Kb8 {[%emt 0:00:24]} 1-0

[Event "ESTCC U50 2018"]
[Site "Walbrzych"]
[Date "2018.04.18"]
[Round "5"]
[White "Wagner-Michel, Annett"]
[Black "De la Orden Alcocer, Alejandro"]
[Result "1-0"]
[WhiteElo "2104"]
[BlackElo "2013"]
[Annotator "NA"]
[PlyCount "73"]
[EventDate "2018.??.??"]
[EventCountry "POL"]
[SourceTitle "playchess.com"]
[Source "ChessBase"]
[SourceQuality "1"]
[WhiteTeam "Germany"]
[BlackTeam "Spain"]
[WhiteTeamCountry "GER"]
[BlackTeamCountry "ESP"]
[TimeControl "40/5400+30:1800+30"]

1. e4 {[%emt 0:00:00]} c6 {[%emt 0:03:01]} 2. d4 {[%emt 0:00:00]} g6 {[%emt 0:00:39]} 3. f4 {[%emt 0:01:08]} d5 {[%emt 0:00:48]} 4. e5 {[%emt 0:00:29]} h5 {[%emt 0:00:18]} 5. Nd2 {[%emt 0:03:18] B12: Caro-Kann: Advance Variation} (5. Nf3 Bg4 6. h3 Bxf3 7. Qxf3 e6 8. Bd3 h4 9. Be3 Nh6 10. Nd2 Nd7 11. Qf2 Be7 12. Nf3 Nf5 13. Bxf5 exf5 {0-1 (37) Andrejevs,A (2256)-Shvyrjov,I (2389) Orsha 2018}) 5... Nh6 {[%emt 0:00:19]} 6. Ndf3 {[%emt 0:01:57]} Bf5 {[%emt 0:03:42]} 7. c3 {[%emt 0:05:09]} Nd7 $146 {[%emt 0:02:55]} ({Predecessor:} 7... e6 8. Bd3 Nd7 9. Ne2 a5 10. a4 Be7 11. O-O {0-1 (34) Hardman,G-Frumkin,E USA corr 1991}) 8. Ne2 {[%emt 0:06:35]} e6 {[%emt 0:00:42]} 9. Be3 {[%emt 0:02:30]} Be7 {[%emt 0:01:37]} 10. Qd2 {[%emt 0:06:14]} a6 {[%emt 0:00:43]} 11. Bf2 {[%emt 0:04:39]} Rb8 {[%emt 0:13:35]} 12. h3 {[%emt 0:01:21]} h4 {[%emt 0:00:16]} 13. g3 {[%emt 0:05:04]} Be4 {[%emt 0:00:33]} 14. Bg2 {[%emt 0:00:19]} hxg3 {[%emt 0:00:32]} 15. Nxg3 {[%emt 0:00:19]} Bxf3 {[%emt 0:14:21]} 16. Bxf3 {[%emt 0:00:03]} Bh4 {[%emt 0:04:25]} 17. Kf1 {[%emt 0:13:34]} Nf5 {[%emt 0:01:01]} 18. Qe1 {[%emt 0:02:46]} Bxg3 {[%emt 0:03:20]} 19. Bxg3 {[%emt 0:00:03]} Ne3+ {[%emt 0:00:41]} 20. Qxe3 {[%emt 0:00:14]} c5 {[%emt 0:00:10]} 21. dxc5 {[%emt 0:03:34]} Rc8 {[%emt 0:00:31]} 22. Kg2 {[%emt 0:02:42]} Nxc5 $18 {[%emt 0:03:10]} 23. h4 {[%emt 0:00:41]} Na4 {[%emt 0:00:13]} 24. Rab1 {[%emt 0:02:40]} Rc4 {[%emt 0:00:02]} 25. Be1 {[%emt 0:01:25]} Qc7 {[%emt 0:00:16]} 26. b3 {[%emt 0:01:35]} d4 {[%emt 0:00:27]} 27. Qd3 {[%emt 0:01:29]} Rxc3 {[%emt 0:18:35]} 28. Bxc3 {[%emt 0:00:37]} Nxc3 {[%emt 0:00:06]} 29. Rbc1 {[%emt 0:01:35]} Qb6 {[%emt 0:01:39]} 30. Rc2 {[%emt 0:01:48]} Ke7 {[%emt 0:00:47]} 31. h5 {[%emt 0:01:07]} gxh5 {[%emt 0:00:48]} 32. Rxh5 {[%emt 0:00:03]} Rg8+ {[%emt 0:01:36]} 33. Kh2 {[%emt 0:04:34]} a5 {[%emt 0:01:49]} 34. Rg2 {[%emt 0:04:39]} Rxg2+ {[%emt 0:02:35]} 35. Kxg2 {[%emt 0:00:46]} a4 {[%emt 0:00:01]} 36. Rh7 {[%emt 0:01:38]} axb3 {[%emt 0:00:53]} 37. Qg6 {[%emt 0:01:04]} 1-0

[Event "ESTCC U50 2018"]
[Site "Walbrzych"]
[Date "2018.04.18"]
[Round "5"]
[White "Van Herck, Marcel"]
[Black "Sirotkina, Nina"]
[Result "0-1"]
[WhiteElo "2061"]
[BlackElo "2175"]
[Annotator "NA"]
[PlyCount "54"]
[EventDate "2018.??.??"]
[EventCountry "POL"]
[SourceTitle "playchess.com"]
[Source "ChessBase"]
[SourceQuality "1"]
[WhiteTeam "Belgium"]
[BlackTeam "Russia"]
[WhiteTeamCountry "BEL"]
[BlackTeamCountry "RUS"]
[TimeControl "40/5400+30:1800+30"]

1. e4 {[%emt 0:00:00]} c5 {[%emt 0:01:03]} 2. Nf3 {[%emt 0:00:11]} e6 {[%emt 0:00:32]} 3. d4 {[%emt 0:00:08]} cxd4 {[%emt 0:00:06]} 4. Nxd4 {[%emt 0:00:05]} Nf6 {[%emt 0:00:44]} 5. Nc3 {[%emt 0:00:19]} d6 {[%emt 0:00:57]} 6. g4 {[%emt 0:00:32]} h6 {[%emt 0:06:04]} 7. g5 {[%emt 0:00:59]} hxg5 {[%emt 0:02:04]} 8. Bxg5 {[%emt 0:00:06] LiveBook: 262 Games} Be7 $11 {[%emt 0:02:17]} 9. h4 {[%emt 0:02:25]} a6 {[%emt 0:04:25]} 10. Bg2 {[%emt 0:03:13]} Qc7 {[%emt 0:13:03]} 11. Qe2 {[%emt 0:13:38]} Nc6 {[%emt 0:05:55]} 12. O-O-O {[%emt 0:00:44]} Nxd4 {[%emt 0:12:08]} 13. Rxd4 {[%emt 0:00:07]} Bd7 {[%emt 0:01:15]} 14. f4 {[%emt 0:30:52]} Bc6 {[%emt 0:19:18]} 15. e5 {[%emt 0:18:08]} Bxg2 {[%emt 0:03:33]} 16. Qxg2 {[%emt 0:00:23]} O-O-O {[%emt 0:04:06]} 17. exf6 {[%emt 0:07:39]} gxf6 {[%emt 0:00:07]} 18. Rd3 {[%emt 0:07:11]} Kb8 {[%emt 0:03:35]} 19. h5 {[%emt 0:02:49]} fxg5 {[%emt 0:01:09]} 20. fxg5 {[%emt 0:00:04]} d5 {[%emt 0:02:14]} 21. Rf3 {[%emt 0:03:37]} Rdg8 {[%emt 0:00:51]} 22. g6 {[%emt 0:03:46]} fxg6 {[%emt 0:01:42]} 23. hxg6 {[%emt 0:00:07]} Rxh1+ {[%emt 0:02:45]} 24. Qxh1 {[%emt 0:00:03]} Rxg6 {[%emt 0:00:16]} 25. Ne2 {[%emt 0:01:38]} Qe5 {[%emt 0:03:58]} 26. Qd1 {[%emt 0:01:30]} Bc5 {[%emt 0:01:44]} 27. c3 {[%emt 0:00:59]} Be3+ 0-1

[Event "ESTCC U50 2018"]
[Site "Walbrzych"]
[Date "2018.04.18"]
[Round "5"]
[White "Strzelecki, Jerzy"]
[Black "Akkanen, Timo"]
[Result "1-0"]
[WhiteElo "2038"]
[BlackElo "1667"]
[Annotator "NA"]
[PlyCount "109"]
[EventDate "2018.??.??"]
[EventCountry "POL"]
[SourceTitle "playchess.com"]
[Source "ChessBase"]
[SourceQuality "1"]
[WhiteTeam "Poland"]
[BlackTeam "Finland"]
[WhiteTeamCountry "POL"]
[BlackTeamCountry "FIN"]
[TimeControl "40/5400+30:1800+30"]

1. c4 e5 2. Nc3 c5 3. g3 g6 4. Nf3 Nc6 5. Bg2 Bg7 6. d3 Nge7 7. Nd2 d6 8. Nf1 O-O 9. Ne3 Rb8 10. O-O f5 11. Ned5 h6 12. Rb1 Nxd5 13. Nxd5 Ne7 14. b4 Nxd5 15. Bxd5+ Kh7 16. e3 f4 $16 (16... b6 $11) 17. exf4 Bh3 18. Bg2 Qd7 19. Be3 b6 20. Qf3 Bg4 21. Qd5 Rbd8 22. fxe5 Bxe5 23. bxc5 Be6 24. c6 Bxd5 25. cxd7 Bxg2 26. Kxg2 Rxd7 27. Rb5 Bc3 28. Rfb1 Rdf7 29. Rd5 Rf6 30. h4 Bd2 31. Bd4 Re6 32. Rb2 Be1 33. a4 Rf7 34. Kf1 Rfe7 35. h5 g5 36. Rf5 Ba5 37. Rf8 Re8 38. Rxe8 Rxe8 39. Re2 Rxe2 40. Kxe2 Bb4 41. Ke3 Kg8 42. Ke4 Kf7 43. Kf5 Be1 44. g4 Bd2 45. Ke4 Bb4 46. Be3 Bc3 47. d4 Ke6 48. f4 Kf6 49. Kd5 Bb4 50. fxg5+ hxg5 51. h6 a6 52. Bxg5+ Kg6 53. Bf4 b5 54. cxb5 axb5 55. axb5 1-0

[Event "ESTCC U50 2018"]
[Site "Walbrzych"]
[Date "2018.04.18"]
[Round "5"]
[White "Nuenchert, Eveline"]
[Black "Ruiz Bellon, Manuel"]
[Result "1/2-1/2"]
[WhiteElo "2033"]
[BlackElo "1861"]
[Annotator "NA"]
[PlyCount "47"]
[EventDate "2018.??.??"]
[EventCountry "POL"]
[SourceTitle "playchess.com"]
[Source "ChessBase"]
[SourceQuality "1"]
[WhiteTeam "Germany"]
[BlackTeam "Spain"]
[WhiteTeamCountry "GER"]
[BlackTeamCountry "ESP"]
[TimeControl "40/5400+30:1800+30"]

1. e4 {[%emt 0:00:00]} e6 {[%emt 0:00:26]} 2. d3 {[%emt 0:00:01]} d5 {[%emt 0:00:29]} 3. Nd2 {[%emt 0:00:05]} Nf6 {[%emt 0:00:34]} 4. Ngf3 {[%emt 0:00:15]} Nc6 {[%emt 0:00:43]} 5. c3 {[%emt 0:01:53]} e5 {[%emt 0:01:15]} 6. Be2 {[%emt 0:00:56]} a5 {[%emt 0:01:22]} 7. O-O {[%emt 0:01:03]} Bc5 {[%emt 0:00:48]} 8. Qc2 {[%emt 0:05:53] C00: French: Unusual White 2nd moves} (8. Nxe5 Nxe5 9. d4 O-O 10. exd5 Bxd4 11. cxd4 Ng6 12. d6 Qxd6 13. Nc4 Qd5 14. b3 Be6 15. Bf3 Qb5 {1-0 (41) Amin,B (2661)-Matamoros Franco,C (2488) Baku 2016}) 8... O-O {[%emt 0:00:29] LiveBook: 5 Games} 9. Nb3 {[%emt 0:02:50]} Be7 {[%emt 0:01:56]} 10. a4 {[%emt 0:02:36]} h6 {[%emt 0:02:27]} 11. h3 {[%emt 0:00:47]} Re8 $146 {[%emt 0:02:27]} ({Predecessor:} 11... b6 12. Re1 Bb7 13. Nh2 Bd6 14. Nf1 Ne7 15. Ng3 Re8 {1-0 (57) Kaulfuss,H (2246)-Wilhelm,J (2205) Germany 2003}) 12. Be3 {[%emt 0:00:45]} b6 {[%emt 0:00:40]} 13. Rad1 {[%emt 0:07:19]} Ba6 {[%emt 0:03:54]} 14. Rfe1 {[%emt 0:02:59]} Qc8 {[%emt 0:02:19]} 15. Nh4 {[%emt 0:02:19]} Qe6 {[%emt 0:06:42]} 16. Nf5 {[%emt 0:01:58]} Bf8 {[%emt 0:00:17]} 17. Bf3 {[%emt 0:04:07]} dxe4 {[%emt 0:03:36]} 18. dxe4 {[%emt 0:00:19]} Rad8 {[%emt 0:00:15]} 19. Nc1 {[%emt 0:01:45]} Kh7 {[%emt 0:08:53]} 20. Bd2 {[%emt 0:04:50]} Rd7 {[%emt 0:16:24]} 21. Ne3 {[%emt 0:02:20]} Red8 $11 {[%emt 0:01:39]} 22. Nd5 {[%emt 0:01:14]} Kg8 {[%emt 0:02:40]} 23. Nxf6+ {[%emt 0:00:35]} Qxf6 {[%emt 0:00:13]} 24. Be3 {[%emt 0:00:11]} 1/2-1/2

[Event "ESTCC U50 2018"]
[Site "Walbrzych"]
[Date "2018.04.18"]
[Round "5"]
[White "Reuben, Stewart"]
[Black "Bellia, Fabrizio"]
[Result "1-0"]
[WhiteElo "2026"]
[BlackElo "2443"]
[Annotator "TA"]
[PlyCount "161"]
[EventDate "2018.??.??"]
[EventCountry "POL"]
[SourceTitle "playchess.com"]
[Source "ChessBase"]
[SourceQuality "1"]
[WhiteTeam "England"]
[BlackTeam "Italy"]
[WhiteTeamCountry "ENG"]
[BlackTeamCountry "ITA"]

{[%evp 27,161,0,0,-11,13,0,9,-22,0,-4,0,0,0,0,0,-58,-49,-81,-69,-146,-101,-105,-70,-162,-100,-158,-118,-144,-91,-133,-112,-122,-65,-66,-62,-158,-111,-145,-134,-240,-33,-41,0,0,0,0,0,-195,-162,-144,0,0,0,0,0,0,0,0,0,0,0,0,0,0,0,0,0,0,0,0,0,0,67,64,62,39,40,34,212,212,212,212,205,204,204,204,204,204,258,175,515,491,1332,1317,1317,1310,1303,1295,1288,1287,1270,1270,1250,1208,1138,1072,836,676,920,501,973,493,1351,1076,1345,487,472,472,444,433,422,422,1351,1351,1345,1337,1330,1330,1270,1270,1330,1330,1203,1194,1114,1095]} 1. d4 Nf6 2. c4 e6 3. Nc3 d5 4. Bg5 Be7 5. e3 h6 6. Bh4 O-O 7. Bd3 b6 8. cxd5 Nxd5 9. Bxe7 Qxe7 10. Nxd5 exd5 11. Rc1 Be6 12. Nf3 c5 13. dxc5 bxc5 14. O-O Nd7 {LiveBook: 42 Games} 15. Bb1 {[#] D59: Queen's Gambit Declined: Tartakower Defence: Main line (8 cxd5 Nxd5)} Rac8 $146 ({Predecessor:} 15... Rfc8 16. Qd2 Rab8 17. b3 Nf6 18. h3 Qd8 19. Rfd1 a5 20. Ne5 a4 21. bxa4 Qe8 22. Nd3 Ne4 {½-½ (39) Boruchovsky,A (2542)-Tang,A (2513) chess.com INT 2018}) 16. Qa4 Qd6 17. b4 {The position is equal.} cxb4 18. Qxa7 Nb6 19. Qa6 g6 20. Nd4 Bd7 21. Rfd1 (21. Nb5 $11 Bxb5 22. Qxb5) 21... Rc4 $15 {Threatens to win with ...Ra8.} 22. Rxc4 dxc4 23. Qb7 ({White should play} 23. Be4 $15) 23... Ba4 24. Rc1 Rc8 25. Qe4 (25. h4 $15) 25... Rc5 ({Black should try} 25... Nd5 $1 $19 26. Ne2 c3) 26. f4 (26. h3 $142) 26... Bd7 27. Qf3 Qf6 (27... Nd5 $142 28. Be4 Nf6) 28. Rd1 Ba4 29. Rc1 Kg7 (29... c3 $17 30. Bd3 Qd6) 30. f5 g5 31. Be4 (31. Qb7 $15 Bd7 32. Be4) 31... c3 32. Bc2 Bxc2 33. Rxc2 (33. Nxc2 $17 {was the only defense.} Rxf5 34. Qe4) 33... Nd5 $2 (33... Nc4 $19 {Strongly threatening ...Qe5.} 34. Rc1 Ra5 35. Ne6+ Kh7) 34. Nb3 $1 {[%cal Rb3c5]} Rb5 35. Nd4 Nxe3 36. Qxe3 Re5 37. Qf2 $2 (37. Qf3 $1 $11) 37... Rd5 $19 38. Nf3 Qxf5 (38... g4 $1 $17 {[%cal Rg4f3]} 39. Qg3 (39. Ne1 $2 Rxf5 40. Qe2 Qd4+ 41. Kh1 Rf6 $19) 39... Qxf5) 39. h3 $11 Rd1+ 40. Kh2 Qf4+ 41. g3 Qf5 42. Kg2 h5 43. Re2 {aiming for Re5.} g4 44. hxg4 hxg4 45. Ne1 $1 Qd5+ 46. Kg1 Kg6 47. Qe3 Qf3 {( -> ...Qxe3+)} 48. Qf2 f6 49. Re3 Qxf2+ (49... Qd5 $1 $11) 50. Kxf2 {[%mdl 4096] Endgame KRN-KR} Kg5 51. Nc2 Rb1 ({But not} 51... Rd2+ $2 52. Re2 $18) 52. Re2 b3 $2 (52... f5 $1 $14) 53. axb3 $18 Rxb3 54. Ke3 Rb1 55. Re1 Rb8 56. Kd3 Rh8 57. Nd4 Rc8 58. Rc1 Rh8 $2 (58... Ra8 {is a better chance.} 59. Rxc3 f5 60. Ne6+ Kf6) 59. Rxc3 {White is clearly winning.} Rh1 (59... Re8 $142 60. Rc5+ Kg6) 60. Rc5+ Kg6 61. Ke4 Rf1 62. Rf5 Rd1 63. Rd5 Rf1 64. Nf5 Rf2 65. Nh4+ Kf7 66. Rf5 Ra2 67. Rb5 Rf2 68. Nf5 Rf1 (68... Rf3 $142 69. Rb7+ Kf8) 69. Rb7+ Kg6 (69... Kf8 $142 70. Nd4 Ke8) 70. Rg7+ Kh5 71. Rh7+ (71. Nd4 $142 Kh6 72. Rg8) 71... Kg6 {[#]} 72. Rh6+ $1 ({Don't play} 72. Rg7+ Kh5 $18) 72... Kg5 {[#] Hoping for ...Re1+.} 73. Rh8 $1 ({Not} 73. Ne3 f5+ 74. Kd4 Rg1 $11) 73... Re1+ 74. Ne3 f5+ (74... Kg6 $142 75. Rc8 Ra1) 75. Kd4 Ra1 76. Rg8+ Kf6 77. Rf8+ Ke6 78. Nxf5 Ra3 79. Ke4 Ra4+ 80. Nd4+ Ke7 81. Rf4 {Precision: White = 61%, Black = 32%.} 1-0

[Event "ESTCC U50 2018"]
[Site "Walbrzych"]
[Date "2018.04.18"]
[Round "5"]
[White "Sihvonen, Tero"]
[Black "Aegerter, Klaus"]
[Result "1-0"]
[WhiteElo "1988"]
[BlackElo "1731"]
[Annotator "NA"]
[PlyCount "93"]
[EventDate "2018.??.??"]
[EventCountry "POL"]
[SourceTitle "playchess.com"]
[Source "ChessBase"]
[SourceQuality "1"]
[WhiteTeam "Finland"]
[BlackTeam "Switzerland"]
[WhiteTeamCountry "FIN"]
[BlackTeamCountry "SUI"]
[TimeControl "40/5400+30:1800+30"]

1. e4 {[%emt 0:00:46]} g6 {[%emt 0:00:13]} 2. d4 {[%emt 0:00:11]} Bg7 {[%emt 0:00:09]} 3. Nc3 {[%emt 0:00:38]} d6 {[%emt 0:00:17]} 4. Bg5 {[%emt 0:00:32]} Nd7 {[%emt 0:01:30]} 5. Nf3 {[%emt 0:06:25]} c5 {[%emt 0:07:23]} 6. Be2 {[%emt 0:08:59]} cxd4 {[%emt 0:02:11]} 7. Nxd4 {[%emt 0:01:53]} Ngf6 {[%emt 0:05:30]} 8. O-O {[%emt 0:00:36]} O-O {[%emt 0:00:15]} 9. Kh1 {[%emt 0:00:25]} a6 $11 {[%emt 0:03:12]} 10. a4 {[%emt 0:01:27]} Nc5 {[%emt 0:05:28]} 11. Bf3 {[%emt 0:02:04]} Rb8 {[%emt 0:06:29]} 12. a5 {[%emt 0:03:14]} Ne6 {[%emt 0:01:32]} 13. Be3 {[%emt 0:01:06]} Nxd4 {[%emt 0:02:35]} 14. Bxd4 {[%emt 0:00:47]} Be6 {[%emt 0:02:11]} 15. h3 {[%emt 0:01:44]} Bd7 {[%emt 0:06:40]} 16. Ba7 {[%emt 0:03:14]} Rc8 {[%emt 0:01:41]} 17. Bb6 {[%emt 0:00:17]} Qe8 {[%emt 0:01:15]} 18. e5 {[%emt 0:00:31]} dxe5 {[%emt 0:00:38]} 19. Bxb7 {[%emt 0:00:26]} Rxc3 {[%emt 0:00:13]} 20. bxc3 {[%emt 0:00:33]} Bb5 {[%emt 0:05:18]} 21. Re1 {[%emt 0:01:15]} Nh5 {[%emt 0:11:56]} 22. Rb1 {[%emt 0:05:49]} Bc6 {[%emt 0:09:05]} 23. Bxc6 {[%emt 0:17:19]} Qxc6 {[%emt 0:00:13]} 24. Qd3 {[%emt 0:00:18]} f5 {[%emt 0:05:50]} 25. Rb4 {[%emt 0:06:05]} e4 {[%emt 0:07:25]} 26. Qc4+ {[%emt 0:00:28]} Qxc4 {[%emt 0:01:02]} 27. Rxc4 {[%emt 0:00:03]} Nf4 {[%emt 0:00:57]} 28. Rd1 {[%emt 0:02:02]} Ne2 {[%emt 0:00:58]} 29. Rd7 {[%emt 0:03:43]} Kf7 {[%emt 0:00:51]} 30. Bd4 {[%emt 0:00:26]} Bh6 {[%emt 0:01:59]} 31. g3 {[%emt 0:05:25]} f4 {[%emt 0:04:56]} 32. Rcc7 {[%emt 0:04:18]} Re8 {[%emt 0:01:07]} 33. gxf4 {[%emt 0:04:56]} Nxf4 {[%emt 0:01:09]} 34. Be3 {[%emt 0:00:51]} g5 {[%emt 0:00:19]} 35. Rc6 {[%emt 0:01:19]} Bg7 {[%emt 0:00:26]} 36. Rxa6 {[%emt 0:04:42]} Nxh3 {[%emt 0:00:51]} 37. Rb6 {[%emt 0:01:08]} Rc8 {[%emt 0:03:35]} 38. Rbb7 {[%emt 0:02:23]} Bf6 {[%emt 0:00:37]} 39. a6 {[%emt 0:00:31]} Rxc3 {[%emt 0:00:16]} 40. a7 {[%emt 0:00:00]} Ra3 {[%emt 0:00:02]} 41. Rxe7+ {[%emt 0:07:40]} Kg6 {[%emt 0:00:38]} 42. Re8 {[%emt 0:01:13]} Ra1+ {[%emt 0:03:02]} 43. Kh2 {[%emt 0:01:19]} Ng1 {[%emt 0:02:59]} 44. f4 {[%emt 0:11:20]} Nf3+ {[%emt 0:02:53]} 45. Kg2 {[%emt 0:01:36]} Re1 {[%emt 0:01:03]} 46. Rxe4 {[%emt 0:02:05]} g4 {[%emt 0:03:50]} 47. a8=Q {[%emt 0:02:29]} 1-0